MDQL
is popping MORE tags! Check the
thread
!
Quizzes
Events
Quiz Creation
Community
Videos
Private Events
Remove Ads
Sign In
Join for FREE
Feedback
Dark Mode
Quiz Categories
Sports
Geography
Music
Movies
Television
Just For Fun
Miscellaneous
History
Literature
Language
Science
Gaming
Entertainment
Religion
Holiday
For Kids
Quiz Lab
Recent
Popular Today
Quiz Kudos Today
Editor Picks
Curator Picks
Quizzes by...
Day
Popularity
Type
Ratings
Length
Year
Community
Subscriptions
Recent Discussions
Orange Saloon
Badges
Playlists
Quests
Create
Leaderboards
Showdown
Live 5
Trivia Bingo
Activity
Puzzle Library
Sporcle Events
Private Events
Virtual Trivia
Globe League
Become a Host
Pub Owners
SporcleCon
Opinionation
Our Games
Videos
Blog
Mobile Apps
Partnerships
Remove Ads and Go Orange
Feedback
Miscellaneous
Crossword
General Knowledge
Baby Names
Logo
Food
Cars
Numbers
Grab Bag
University
College
Popular
Company
Slogans
Restaurants
Justice
Letter
Miscellaneous
Crossword
General Knowledge
Baby Names
Logo
Food
Cars
Numbers
Grab Bag
University
College
Popular
Company
Slogans
Restaurants
Justice
Letter
Random Quiz
Search Sporcle
×
Quiz Lab
Quiz Lab
Miscellaneous
Company
Type in answers that appear in a list
Type in answers that appear in a list
Classic
Best Score? Go Orange.
Company Logos Stats
Can you name the company logos?
By
ladiidaa63
10m
20 Questions
1,618 Plays
1,618 Plays
1,618 Plays
Comments
Comments
Give Quiz Kudos
Give Quiz Kudos
-
- Ratings
hide this ad
Replay
Link that replays current quiz
Next Quiz
Link to next quiz in quiz playlist
You Got
0%
They Got
Avg Score
68%
Avg Friend Score
Upgrade to see
Score Distribution
Jump to the score distribution portion of the page
Score
0/20
Timer
10:00
0
Plays Today
Number
Company
% Correct
20
Pepsi
84.9%
19
Shell
83.9%
8
Apple
83.7%
18
Starbucks
83.5%
15
Yahoo
82.4%
5
Nike
80.2%
13
Mcdonalds
80.1%
12
LG
79.8%
11
Playboy
76.5%
6
Toyota
74.5%
Number
Company
% Correct
17
Wikipedia
71.4%
2
Target
69%
14
Microsoft
66.8%
10
BP
58.6%
3
Warner Bros
55.2%
7
Fruit of the Loom
52.7%
9
At&t
50.4%
1
Walmart
50%
4
John Deere
50%
16
WWF
45.6%
Quiz Playlist
Details
Report
Send in Message
Add To Playlist
Classic:
Type in answers that appear in a list
Last Updated: Feb 16, 2017
Quiz Scoreboard
CHALLENGE
Sign Up to Join the Scoreboard
Show All
Scores
Hide
Comments
May contain spoilers
Recently Published
Image Sorting: Flags VI
by Barbecue
Geography
2m
Find the 'City' Movie
by crazypaving
Movies
60s
Colored Red Africa Blitz
by spor1
Geography
45s
More to Explore
Quiz From the Vault
Featured Blog Post
14 Easter Pick-up Lines to Find Eggs With
hide this ad
You Might Also Like...
Tags
Company Quiz
Today's Top Quizzes in Miscellaneous
Browse Miscellaneous
hide this ad
Today's Top Quizzes in Company
Browse Company
Top Contributed Quizzes in Miscellaneous
1
The JOE quick-fire general knowledge quiz: Day 174
2
5-to-1: Fast Food
3
9x9 Crossword: Disney Movie Titles
4
9x9 Crossword: Charlie and the Chocolate Factory
5
The JOE quick-fire general knowledge quiz: Day 173
6
9x9 Crossword: Actors
7
9x9 Crossword: 2022 Movies
8
9x9 Crossword: The Simpsons
9
9x9 Crossword: Flags
10
9x9 Crossword: Pixar Movie Titles
Explore More
Trending Topics
Kpop
NBA
Harry Potter
Marvel
Anime
Disney
Crossword
NFL
Puzzle
Country
Song
Soccer
The Office
WWE
Pokémon
hide this ad
More By:
ladiidaa63
Quiz
Plays
Rating
Category
Featured
Created
Company Logos
1,618
3.33
Miscellaneous
Mar 16, 2011
Go to Creator's Profile
Score Distribution
Quiz Creator Spotlight
ladiidaa63
Follow
Send a Message
Quizzes Created
-
Created Quiz Play Count
-
More By This Creator
Popular Quizzes Today
1
Colored Red Africa Blitz
2
Find the US States - No Outlines Minefield
3
Find the 'City' Movie
4
5x2 Blitz: Bands
5
The Countries of the World
6
Find the US States
7
Find the Countries of Europe - No Outlines Minefield
8
US States
More Miscellaneous Quizzes
The More You Know II
Published
Trending Quizzes
Colored Red Europe Blitz I
Colored Red Europe Blitz II
Colored Red Africa Blitz II
Colored Red Europe Blitz III
Colored Red Africa Blitz III
Recently Updated
How Do You Spell That?
pecheneg
Godzilla Movies
pecheneg
Grab Bag: 4-10 Letters
pecheneg
2024 March Madness Bracket
pecheneg
Famous TV Couples
Peacemaker
Champions League XIs: Real Madrid
pecheneg
Largest US Cities 1790-2010
pecheneg
Rides in Walt Disney World
pecheneg
Most Oscar Losses (Acting)
pecheneg
Beyoncé Albums
pecheneg
Trending Topics
Marvel
Harry Potter
NBA
Anime
Kpop
Crossword
Disney
Soccer
WWE
The Office
Puzzle
Country
NFL
Pokémon
Song
Your Account Isn't Verified!
In order to create a playlist on Sporcle, you need to verify the email address you used during registration. Go to your
Sporcle Settings
to finish the process.
Report this User
Report this user for behavior that violates our
Community Guidelines
.
Details:
Send Report
Go to the Sporcle.com Mobile Site →
Comments